EPL Top Scorers 2019/20 - Sudden Death - Statistics

General Stats
  • This quiz has been taken 15 times
  • The average score is 3 of 12
Answers on the Grid
Answers color-coded by a green-red scale on the quiz's grid according to % correct below.
Jamie Vardy
Pierre-Emerick Aubameyang
Danny Ings
Raheem Sterling
Mohamed Salah
Sadio Mané
Harry Kane
Marcus Rashford
Raúl Jiménez
Anthony Martial
Sergio Agüero
Tammy Abraham
Gabriel Jesus
Chris Wood
Kevin De Bruyne
Richarlison
Dominic Calvert-Lewin
Son Heung-Min
Riyadh Mahrez
Teemu Pukki
Alexandre Lacazette
Michail Antonio
Troy Deeney
Roberto Firmino
Willian
Christian Pulisic
Bruno Fernandes
Callum Wilson
Olivier Giroud
Diogo Jota
 
Answer Stats
Answer % Correct
19 Mohamed Salah
64%
18 Harry Kane
50%
22 Pierre-Emerick Aubameyang
36%
16 Sergio Agüero
36%
23 Jamie Vardy
29%
18 Sadio Mané
29%
17 Marcus Rashford
21%
17 Anthony Martial
14%
22 Danny Ings
14%
20 Raheem Sterling
14%
15 Tammy Abraham
7%
17 Raúl Jiménez
0%
No matching quizzes found
Score Distribution
Percent of People with Each Score
Percentile by Number Answered
Your Score History
You have not taken this quiz